Lochalsh Estates limited v Crofters sharing in Avernish Common Grazings (Record no. 24097)
[ view plain ]
| 000 -LEADER | |
|---|---|
| fixed length control field | 01667cab a2200277 4500 |
| 001 - CONTROL NUMBER | |
| control field | E2048 |
| 008 - FIXED-LENGTH DATA ELEMENTS--GENERAL INFORMATION | |
| fixed length control field | 090401t1993 xxu||||| |||| 00| 0 eng d |
| 035 ## - SYSTEM CONTROL NUMBER | |
| System control number | (Sirsi) u37248 |
| 041 ## - LANGUAGE CODE | |
| Language code of text/sound track or separate title | eng |
| 245 ## - TITLE STATEMENT | |
| Title | Lochalsh Estates limited v Crofters sharing in Avernish Common Grazings |
| 260 ## - PUBLICATION, DISTRIBUTION, ETC. | |
| Date of publication, distribution, etc. | 1993 |
| 350 ## - PRICE (NR) (BK AM CF MU VM SE) [OBSOLETE] | |
| Price | 0 |
| 490 ## - SERIES STATEMENT | |
| Series statement | SLC |
| Volume/sequential designation | 1993 R 85-93(9) |
| 520 ## - SUMMARY, ETC. | |
| Summary, etc. | SLC Application Skye RN 481 Order of 1 June 1993. The landlord Applicants applied to the Court for authority to resume the whole of Avernish Common Grazings for the ourpose of afforestation. As three of the five shareholders in the common grazing had intimated objections to the application a hearing before the Court was arranged. However at the commencement of the hearing the agent for one of the shareholders intimated that she was now withdrawing her objections and accordingly a majority of the shareholders now consented to the application. Counsel for the landlords asked the Court to hear the application but then to sist the application pending the landlords applying to the Crofters Commission for their approval in terms of section 12(3) of the Crofters (Scotland) Act 1955. The Court refused the motion for the landlords and continued the appliation sine die to allow the landlords to apply to the Crofters Commission for their approval. |
| 650 ## - SUBJECT ADDED ENTRY--TOPICAL TERM | |
| Topical term or geographic name entry element | COMMON GRAZINGS |
| 650 ## - SUBJECT ADDED ENTRY--TOPICAL TERM | |
| Topical term or geographic name entry element | CROFTERS (SCOTLAND) ACT 1955 |
| 650 ## - SUBJECT ADDED ENTRY--TOPICAL TERM | |
| Topical term or geographic name entry element | CROFTERS COMMISSION |
| 650 ## - SUBJECT ADDED ENTRY--TOPICAL TERM | |
| Topical term or geographic name entry element | CROFTING |
| 650 ## - SUBJECT ADDED ENTRY--TOPICAL TERM | |
| Topical term or geographic name entry element | RESUMPTION |
| 650 ## - SUBJECT ADDED ENTRY--TOPICAL TERM | |
| Topical term or geographic name entry element | SCOTLAND |
| 650 ## - SUBJECT ADDED ENTRY--TOPICAL TERM | |
| Topical term or geographic name entry element | SCOTTISH LAND COURT |
| 650 ## - SUBJECT ADDED ENTRY--TOPICAL TERM | |
| Topical term or geographic name entry element | SLC |
| 690 ## - LOCAL SUBJECT ADDED ENTRY--TOPICAL TERM (OCLC, RLIN) | |
| Topical term or geographic name as entry element | LANDLORD AND TENANT-CASE LAW-AGRICULTURAL TENANCIES |
| 942 ## - ADDED ENTRY ELEMENTS (KOHA) | |
| Suppress in OPAC | 0 |
| 948 ## - LOCAL PROCESSING INFORMATION (OCLC); SERIES PART DESIGNATOR (RLIN) | |
| c (OCLC) | 04/03/1997 |
| Withdrawn status | Lost status | Source of classification or shelving scheme | Damaged status | Not for loan | Home library | Current library | Shelving location | Date acquired | Total Checkouts | Full call number | Barcode | Date last seen | Copy number | Price effective from | Koha item type |
|---|---|---|---|---|---|---|---|---|---|---|---|---|---|---|---|
| Dewey Decimal Classification | London | London | Journal article | 14/09/1999 | E2048 | 37248-1001 | 06/08/2019 | 1 | 06/08/2019 | Law report |